| 000 -CABECERA |
| Longitud fija campo de control |
01130nam a22002537a 4500 |
| 001 - NÚMERO DE CONTROL |
| Número de control |
991024960369706706 |
| 003 - IDENTIFICADOR DEL NÚMERO DE CONTROL |
| Identificador del número de control |
OSt |
| 005 - FECHA Y HORA DE LA ÚLTIMA TRANSACCIÓN |
| Fecha y hora de la última transacción |
20211228105126.0 |
| 007 - CAMPO FIJO DE DESCRIPCIÓN FÍSICA |
| Campo fijo de descripción f&íacute;sica |
t |
| 008 - CÓDIGOS DE INFORMACIÓN DE LONGITUD FIJA |
| Códigos de información de longitud fija |
990630s1996 sp a 000 0bspa c |
| 017 ## - NÚMERO DE COPYRIGHT O DE DEPÓSITO LEGAL |
| Número de copyright o de depósito legal |
B-48947-1995 |
| 020 ## - NÚMERO INTERNACIONAL NORMALIZADO PARA LIBROS |
| Número Internacional Normalizado para Libros (ISBN) |
8439547617 |
| 035 ## - NÚMERO DE CONTROL DEL SISTEMA |
| Número de control del sistema |
(ES-BaCBU).b46503195 |
| 040 ## - FUENTE DE LA CATALOGACIÓN |
| Centro catalogador de origen |
ES-BaCBU |
| Lengua de catalogación |
cat |
| Centro transcriptor |
CDMR |
| 245 00 - MENCIÓN DE TÍTULO |
| Título |
Índice general 1898-1995 |
| Medio |
[Fitxer informàtic] |
| Resto del título |
: anuarios, temarios, protagonistas, décadas / |
| Mención de responsabilidad, etc. |
presidente: José Manuel Lara Bosch ; director general: Antonio Pérez Cobos ; creación del proyecto: Ricard Domingo |
| 260 ## - PUBLICACIÓN, DISTRIBUCIÓN, ETC. (PIE DE IMPRENTA) |
| Lugar de publicación, distribución, etc. |
[Barcelona] : |
| Nombre del editor, distribuidor, etc. |
Difusora internacional, |
| Fecha de publicación, distribución, etc. |
DL 1995 |
| 300 ## - DESCRIPCIÓN FÍSICA |
| Extensión |
1 CD-ROM ; |
| Dimensiones |
12 cm + |
| Material anejo |
1 guia de l'usuari ([2] p.) |
| 500 ## - NOTA GENERAL |
| Nota general |
Requeriments del sistema: Ordinador personal de tipus 486SX/25 o superior ; 4 MB de memòria RAM ; targeta gràfica amb una resolució de 640x480 ; targeta de so de 8 bits ; lector de CD-ROM ; Windows 3.1 o Windows 95 |
| 700 1# - PUNTO DE ACCESO ADICIONAL - NOMBRE DE PERSONA |
| Nombre de persona |
Lara Bosch, José Manuel, |
| Fechas asociadas al nombre |
. |
| 700 1# - PUNTO DE ACCESO ADICIONAL - NOMBRE DE PERSONA |
| Nombre de persona |
Pérez Cobos, Antonio |
| 907 ## - ELEMENTO G DATOS LOCALES, GDL (RLIN) |
| a |
.b46503195 |
| b |
22-01-21 |
| c |
16-12-10 |
| d |
16-12-10 |
| e |
m |
| f |
a |
| g |
- |
| h |
spa |
| i |
sp |
| j |
0 |
| k |
1 |
| 908 ## - CONTROL DE PARÁMETROS (RLIN) |
| Parametro de comando lanzado |
URL |
| 942 ## - ENTRADA DE ELEMENTOS AGREGADOS (KOHA) |
| Fuente de clasificaión o esquema |
|
| Koha [por defecto] tipo de item |
Materials audiovisuals |